UM Logo

Victims, crime & society : (Record no. 11460)

MARC details
000 -LEADER
fixed length control field 00754nam a22002177a 4500
008 - FIXED-LENGTH DATA ELEMENTS--GENERAL INFORMATION
fixed length control field 181205b ||||| |||| 00| 0 eng d
020 ## - INTERNATIONAL STANDARD BOOK NUMBER
International Standard Book Number 978-44625-590-2
020 ## - INTERNATIONAL STANDARD BOOK NUMBER
International Standard Book Number 978-1-4425-591-9 (pbk)
082 ## - DEWEY DECIMAL CLASSIFICATION NUMBER
Edition number 2017
Classification number DC 362.8
Item number D286
100 ## - MAIN ENTRY--PERSONAL NAME
Personal name Davies, Pamela
9 (RLIN) 14627
245 ## - TITLE STATEMENT
Title Victims, crime & society :
Remainder of title an introduction /
Statement of responsibility, etc. edited by Pamela Davies, Peter Frances and Chris Greer.
250 ## - EDITION STATEMENT
Edition statement Second edition
260 ## - PUBLICATION, DISTRIBUTION, ETC. (IMPRINT)
Place of publication, distribution, etc. Los Angeles :
Name of publisher, distributor, etc. Sage,
Date of publication, distribution, etc. ©2017.
300 ## - PHYSICAL DESCRIPTION
Extent xiii, 288 pages :
Other physical details illustrations ;
Dimensions 23 cm.
500 ## - GENERAL NOTE
General note Includes glossary and index.
650 ## - SUBJECT ADDED ENTRY--TOPICAL TERM
Topical term or geographic name as entry element Victim of crimes
General subdivision Political aspect
Geographic subdivision Great Britain
9 (RLIN) 32858
700 ## - ADDED ENTRY--PERSONAL NAME
Personal name Francis, Peter
9 (RLIN) 32859
700 ## - ADDED ENTRY--PERSONAL NAME
Personal name Greer, Chris
9 (RLIN) 32860
365 ## - TRADE PRICE
Price amount 3149.00
Currency code Php
942 ## - ADDED ENTRY ELEMENTS (KOHA)
Source of classification or shelving scheme Dewey Decimal Classification
Koha item type Circulation
Holdings
Withdrawn status Lost status Source of classification or shelving scheme Damaged status Not for loan Collection code Home library Current library Shelving location Date acquired Source of acquisition Cost, normal purchase price Total Checkouts Full call number Barcode Date last seen Date last checked out Copy number Koha item type
    Dewey Decimal Classification     Circulation UM Digos College - LIC UM Digos College - LIC Book Cart 12/05/2018 Purchased 3149.00 1 DC 362.8 D286 2017 25347 05/15/2025 06/06/2019 1 Circulation